| 000 | 00462nam a22001697a 4500 | ||
|---|---|---|---|
| 999 |
_c6085 _d6085 |
||
| 003 | GBCCL | ||
| 005 | 20241126110555.0 | ||
| 008 | 180430b ||||| |||| 00| 0 eng d | ||
| 040 | _cgbc | ||
| 082 |
_aVER 423 _bGOU |
||
| 100 |
_aGouzanang, T. _99926 |
||
| 245 |
_aPaite Lapau Dictionary leh Paunaakte / _cT. Gouzanang |
||
| 260 |
_aShillong: _bT. Paukhochin, _c2016 |
||
| 300 |
_a488 p.; _bill., _c23 cm. |
||
| 650 |
_aDictionary _xPaite _910959 |
||
| 942 |
_2ddc _cBK _05 |
||